Statistics for Every NBA Finals MVP Award

Click here to take the quiz!

General Stats

  • This quiz has been taken 98 times
    (17 since last reset)
  • The average score is 38 of 52

Answer Stats

YearPlayer% Correct
2020LeBron James
100%
1991Michael Jordan
100%
1992Michael Jordan
100%
2016LeBron James
100%
1993Michael Jordan
100%
2019Kawhi Leonard
100%
2013LeBron James
100%
2012LeBron James
100%
2010Kobe Bryant
100%
2009Kobe Bryant
100%
1996Michael Jordan
100%
1997Michael Jordan
100%
1998Michael Jordan
100%
2000Shaquille ONeal
94%
1995Hakeem Olajuwon
94%
1994Hakeem Olajuwon
94%
2008Paul Pierce
94%
2011Dirk Nowitzki
94%
2018Kevin Durant
94%
2017Kevin Durant
94%
2015Andre Iguodala
88%
2014Kawhi Leonard
88%
1986Larry Bird
88%
1999Tim Duncan
88%
2005Tim Duncan
88%
2001Shaquille ONeal
88%
2002Shaquille ONeal
88%
2007Tony Parker
81%
1987Magic Johnson
81%
2006Dwyane Wade
81%
1990Isiah Thomas
81%
2003Tim Duncan
81%
1984Larry Bird
75%
2004Chauncey Billups
75%
1988James Worthy
63%
1989Joe Dumars
63%
1985Kareem Abdul-Jabbar
63%
1982Magic Johnson
50%
1970Willis Reed
50%
1980Magic Johnson
50%
1983Moses Malone
44%
1973Willis Reed
44%
1972Wilt Chamberlain
38%
1974John Havlicek
31%
1971Kareem Abdul-Jabbar
31%
1977Bill Walton
31%
1975Rick Barry
31%
1978Wes Unseld
31%
1969Jerry West
31%
1976Jo Jo White
25%
1981Cedric Maxwell
25%
1979Dennis Johnson
19%

Score Distribution

Percentile by Number Answered

Percent of People with Each Score

Your Score History

You have not taken this quiz since the last reset